• 首页
  • 本馆介绍
  • 公告通知
  • 最新文献
  • 馆藏检索
  • 电子资源
  • 读者导购
  • 参考咨询
  • 我的图书馆
  • 登录
  • 详细信息显示
  • 放入我的书架
  • 预约/预借图书
  • 作者相关作品
  • 分类相关作品
  • 丛书相关作品
  • 出版社相关作品

书目信息

  • 表格格式
  • 工作单格式
  • 卡片格式
题名:
抑郁与超越
    
 
作者: 逯耀东 著
分册:  
出版信息: 北京   三联书店  2008
页数: 369页
开本: 24cm
丛书名:
单 册:
中图分类: K204.2
科图分类:
主题词: 中国--古代史--纪传林 , 史记--研究
电子资源:
ISBN: 978-7-108-03023-8
000 00809nam0 2200253 45
001 1050746875
005 20100419100449.12
010    @a978-7-108-03023-8@dCNY38.00
100    @a20100408d2008 em y0chiy0120 ea
101 0  @achi
102    @aCN@b110000
105    @ay z 000yy
106    @ar
200 1  @a抑郁与超越@AYi Yu Yu Chao Yue@e司马迁与汉武帝时代@ESi Ma Qian Yu Han Wu Di Shi Dai@f逯耀东著@FLu Yao Dong Zhu
210    @a北京@c三联书店@d2008
215    @a369页@d24cm
314    @a逯耀东(1932-2006),江苏丰县人,台湾大学历史系教授。
517 1  @a司马迁与汉武帝时代@ASi Ma Qian Yu Han Wu Di Shi Dai
606 0  @a中国@z古代史@x纪传林
606 0  @a史记@x研究
690    @aK204.2@v4
701  0 @a逯耀东@ALu Yao Dong@4著
801  0 @aCN@bTANGWEI@c20100419
905    @b0590156-59@dK204.2@e111@f4
    
    抑郁与超越:司马迁与汉武帝时代/逯耀东著.-北京:三联书店,2008
    369页;24cm
    
    
    ISBN 978-7-108-03023-8:CNY38.00
    
●
相关链接 在E读中查询图书 在五车中查询图书 在当当中查询图书 在豆瓣中查询图书


正题名:抑郁与超越     索取号:K204.2/111         预约/预借

序号 登录号 条形码 馆藏地/架位号 状态 备注
1 0590156   205901568   第二样本阅览室/ [索取号:K204.2/111] 在馆    
2 0590157   205901577   第二借阅区/ [索取号:K204.2/111] 在馆    
3 0590158   205901586   第二借阅区/ [索取号:K204.2/111] 在馆    
4 0590159   205901595   第二借阅区/ [索取号:K204.2/111] 在馆    
唐山师范学院图书馆 欢迎您!
大连网信软件有限公司© 版权所有